[Event "DVM U10 2023"]
[Site "Magdeburg GER"]
[Date "2023.12.28"]
[Round "4"]
[White "Birkoben, Georgi"]
[Black "Filimonovs, Timotheus"]
[Result "0-1"]
[Termination "normal"]
[Board "17.3"]
[WhiteElo "934"]
[BlackElo "1060"]
[WhiteClock "00:11:41"]
[BlackClock "00:41:51"]
[WhiteTeam "SC Turm Erfurt"]
[BlackTeam "Schachzwerge Magdeburg"]
[PlyCount "78"]
[BlackFideId "34644547"]
[EventCountry "GER"]
[EventRounds "7"]
[EventType "team-swiss"]
[EventDate "2023.12.27"]

1. e4 {[%clk 00:55:09]} e5 {[%clk 00:55:04]} {[%emt 00:00:07]} 2. Nf3 {[%clk
00:55:09]} {[%emt 00:00:04]} Nc6 {[%clk 00:55:03]} {[%emt 00:00:07]} 3. d4
{[%clk 00:55:10]} {[%emt 00:00:04]} d6 {[%clk 00:54:51]} {[%emt 00:00:17]} 4.
dxe5 {[%clk 00:53:52]} {[%emt 00:01:22]} dxe5 {[%clk 00:53:17]} {[%emt
00:01:40]} 5. Qxd8+ {[%clk 00:53:06]} {[%emt 00:00:50]} Kxd8 {[%clk 00:53:07]}
{[%emt 00:00:15]} 6. Nc3 {[%clk 00:52:12]} {[%emt 00:00:59]} Bb4 {[%clk
00:53:03]} {[%emt 00:00:10]} 7. Bd2 {[%clk 00:51:28]} {[%emt 00:00:49]} Be6
{[%clk 00:52:24]} {[%emt 00:00:43]} 8. a3 {[%clk 00:50:35]} {[%emt 00:00:58]}
Ba5 {[%clk 00:52:06]} {[%emt 00:00:23]} 9. b4 {[%clk 00:49:46]} {[%emt
00:00:54]} Bb6 {[%clk 00:51:58]} {[%emt 00:00:14]} 10. a4 {[%clk 00:48:12]}
{[%emt 00:01:39]} Nd4 {[%clk 00:51:41]} {[%emt 00:00:21]} 11. Nxe5 {[%clk
00:46:57]} {[%emt 00:01:21]} Nxc2+ {[%clk 00:50:59]} {[%emt 00:00:46]} 12. Kd1
{[%clk 00:46:19]} {[%emt 00:00:43]} Nxa1 {[%clk 00:50:52]} {[%emt 00:00:12]}
13. a5 {[%clk 00:45:43]} {[%emt 00:00:42]} Bxf2 {[%clk 00:50:40]} {[%emt
00:00:16]} 14. Bc4 {[%clk 00:44:09]} {[%emt 00:01:40]} Nf6 {[%clk 00:49:20]}
{[%emt 00:01:24]} 15. Bxe6 {[%clk 00:43:59]} {[%emt 00:00:15]} Re8 {[%clk
00:48:48]} {[%emt 00:00:31]} 16. Nxf7+ {[%emt 00:00:55]} Ke7 {[%emt 00:00:04]}
17. Ng5 {[%clk 00:41:31]} {[%emt 00:01:40]} h6 {[%clk 00:48:17]} {[%emt
00:00:35]} 18. Ke2 {[%clk 00:40:48]} {[%emt 00:00:49]} hxg5 {[%clk 00:48:03]}
{[%emt 00:00:19]} 19. Rxa1 {[%clk 00:39:53]} {[%emt 00:01:00]} Kxe6 {[%clk
00:47:31]} {[%emt 00:00:36]} 20. Kxf2 {[%clk 00:39:50]} {[%emt 00:00:09]} Ng4+
{[%clk 00:47:27]} {[%emt 00:00:09]} 21. Kg1 {[%clk 00:39:02]} {[%emt 00:00:54]}
Rad8 {[%clk 00:46:59]} {[%emt 00:00:32]} 22. Bxg5 {[%clk 00:38:10]} {[%emt
00:00:56]} Rd3 {[%clk 00:45:54]} {[%emt 00:01:10]} 23. Na4 {[%clk 00:37:10]}
{[%emt 00:01:07]} Kd6 {[%clk 00:45:27]} {[%emt 00:00:27]} 24. h3 {[%clk
00:35:52]} {[%emt 00:01:27]} Ne3 {[%clk 00:45:09]} {[%emt 00:00:23]} 25. Bf4+
{[%clk 00:34:10]} {[%emt 00:01:48]} Kc6 {[%clk 00:44:53]} {[%emt 00:00:19]} 26.
Kf2 {[%clk 00:31:59]} {[%emt 00:02:18]} Nd1+ {[%clk 00:44:38]} {[%emt
00:00:19]} 27. Ke2 {[%clk 00:31:15]} {[%emt 00:00:50]} Red8 {[%clk 00:44:22]}
{[%emt 00:00:20]} 28. g4 {[%clk 00:30:19]} {[%emt 00:01:01]} Nc3+ {[%clk
00:43:48]} {[%emt 00:00:38]} 29. Nxc3 {[%clk 00:29:27]} {[%emt 00:00:58]} Rxc3
{[%clk 00:43:44]} {[%emt 00:00:09]} 30. Be5 {[%clk 00:28:45]} {[%emt 00:00:47]}
Rc2+ {[%clk 00:43:36]} {[%emt 00:00:13]} 31. Ke1 {[%clk 00:28:00]} {[%emt
00:00:51]} Rdd2 {[%clk 00:43:23]} {[%emt 00:00:17]} 32. Bxg7 {[%clk 00:27:06]}
{[%emt 00:00:59]} Re2+ {[%clk 00:43:19]} {[%emt 00:00:10]} 33. Kd1 {[%clk
00:26:27]} {[%emt 00:00:44]} Rcd2+ {[%clk 00:43:06]} {[%emt 00:00:17]} 34. Kc1
{[%clk 00:26:02]} {[%emt 00:00:30]} Rg2 {[%clk 00:42:33]} {[%emt 00:00:38]} 35.
h4 {[%clk 00:24:47]} {[%emt 00:01:21]} Rdf2 {[%clk 00:42:27]} {[%emt 00:00:09]}
36. b5+ {[%clk 00:21:44]} {[%emt 00:03:09]} Kxb5 {[%clk 00:42:15]} {[%emt
00:00:16]} 37. Rb1+ {[%clk 00:21:41]} {[%emt 00:00:10]} Ka6 {[%clk 00:42:15]}
{[%emt 00:00:04]} 38. Bc3 {[%clk 00:12:56]} {[%emt 00:08:50]} Rf1+ {[%clk
00:41:51]} {[%emt 00:00:30]} 39. Be1 {[%clk 00:11:41]} {[%emt 00:00:17]} Rxe1#
0-1

[Event "DVM U10 2023"]
[Site "Magdeburg GER"]
[Date "2023.12.28"]
[Round "4"]
[White "Heidepriem, Jamie"]
[Black "Nowak Ledesma, Lennon Mika"]
[Result "0-1"]
[Termination "normal"]
[Board "17.4"]
[WhiteElo "990"]
[BlackElo "772"]
[WhiteClock "00:45:05"]
[BlackClock "00:35:50"]
[WhiteTeam "Schachzwerge Magdeburg"]
[BlackTeam "SC Turm Erfurt"]
[PlyCount "86"]
[EventCountry "GER"]
[EventRounds "7"]
[EventType "team-swiss"]
[EventDate "2023.12.27"]

1. e4 {[%clk 00:55:08]} {[%emt 00:00:01]} c5 {[%clk 00:55:02]} {[%emt
00:00:08]} 2. Bc4 {[%clk 00:55:02]} d6 {[%clk 00:54:35]} {[%emt 00:00:17]} 3.
Nf3 Nf6 {[%clk 00:54:35]} {[%emt 00:00:25]} 4. d3 {[%clk 00:54:57]} g6 {[%clk
00:54:30]} {[%emt 00:00:20]} 5. Bg5 {[%emt 00:00:32]} Bg7 {[%clk 00:54:11]}
{[%emt 00:00:05]} 6. O-O {[%clk 00:54:45]} {[%emt 00:00:11]} O-O {[%clk
00:54:03]} {[%emt 00:00:12]} 7. Nbd2 {[%clk 00:54:45]} {[%emt 00:00:05]} Nc6
{[%clk 00:53:48]} {[%emt 00:00:19]} 8. c3 {[%clk 00:54:36]} {[%emt 00:00:14]}
Be6 {[%clk 00:53:28]} {[%emt 00:00:25]} 9. Qc2 {[%clk 00:54:28]} {[%emt
00:00:14]} Bxc4 {[%emt 00:00:11]} 10. Nxc4 {[%emt 00:00:14]} Qc7 {[%clk
00:52:44]} {[%emt 00:00:24]} 11. Ncd2 {[%clk 00:53:59]} {[%emt 00:00:35]} a6
{[%clk 00:51:37]} {[%emt 00:01:10]} 12. Rfe1 {[%clk 00:53:53]} {[%emt
00:00:12]} Rfc8 {[%clk 00:51:10]} {[%emt 00:00:32]} 13. Nf1 {[%clk 00:53:39]}
{[%emt 00:00:20]} b5 {[%clk 00:50:41]} {[%emt 00:00:33]} 14. Ng3 {[%clk
00:53:35]} {[%emt 00:00:09]} Qa5 {[%clk 00:49:57]} {[%emt 00:00:49]} 15. a3
{[%clk 00:53:23]} {[%emt 00:00:17]} Rab8 {[%clk 00:48:35]} {[%emt 00:01:26]}
16. b4 {[%clk 00:53:16]} {[%emt 00:00:13]} cxb4 {[%clk 00:48:28]} {[%emt
00:00:10]} 17. axb4 {[%clk 00:52:56]} {[%emt 00:00:27]} Qb6 {[%clk 00:48:20]}
{[%emt 00:00:12]} 18. Be3 {[%clk 00:52:46]} {[%emt 00:00:16]} Qb7 {[%clk
00:48:11]} {[%emt 00:00:14]} 19. Ra2 {[%clk 00:52:11]} {[%emt 00:00:41]} Nxb4
{[%clk 00:48:00]} {[%emt 00:00:15]} 20. Qb1 {[%clk 00:52:02]} {[%emt 00:00:15]}
Nxa2 {[%emt 00:00:35]} 21. Qxa2 {[%emt 00:00:12]} Ng4 {[%clk 00:46:35]} {[%emt
00:00:42]} 22. Bd2 {[%clk 00:51:26]} {[%emt 00:00:41]} Ne5 {[%clk 00:46:05]}
{[%emt 00:00:33]} 23. d4 {[%clk 00:51:14]} {[%emt 00:00:19]} Nxf3+ {[%clk
00:45:34]} {[%emt 00:00:34]} 24. gxf3 {[%clk 00:51:03]} {[%emt 00:00:16]} Qb6
{[%clk 00:44:19]} {[%emt 00:01:22]} 25. Rc1 {[%clk 00:48:18]} {[%emt 00:02:50]}
b4 {[%clk 00:43:56]} {[%emt 00:00:28]} 26. Rb1 {[%clk 00:47:58]} {[%emt
00:00:25]} Qa7 {[%clk 00:43:12]} {[%emt 00:01:16]} 27. cxb4 {[%clk 00:47:30]}
{[%emt 00:00:16]} Qxd4 {[%clk 00:42:53]} {[%emt 00:00:24]} 28. Be3 {[%clk
00:47:07]} {[%emt 00:00:27]} Qc4 {[%clk 00:41:48]} {[%emt 00:01:11]} 29. Qa3
{[%clk 00:46:37]} {[%emt 00:00:35]} Bc3 {[%clk 00:41:15]} {[%emt 00:00:37]} 30.
Rc1 {[%emt 00:01:35]} Rxb4 {[%clk 00:40:00]} 31. Rxc3 {[%clk 00:46:20]} {[%emt
00:00:13]} Qxc3 {[%clk 00:39:50]} {[%emt 00:00:15]} 32. Qxc3 {[%clk 00:46:16]}
{[%emt 00:00:09]} Rxc3 {[%clk 00:39:42]} {[%emt 00:00:13]} 33. Kg2 {[%clk
00:46:09]} {[%emt 00:00:12]} a5 {[%clk 00:39:24]} {[%emt 00:00:23]} 34. Bd2
{[%clk 00:46:07]} {[%emt 00:00:07]} Rc2 {[%clk 00:39:05]} {[%emt 00:00:23]} 35.
Bxb4 {[%clk 00:46:06]} {[%emt 00:00:06]} axb4 {[%clk 00:38:35]} {[%emt
00:00:35]} 36. Nf1 {[%clk 00:46:01]} {[%emt 00:00:11]} b3 {[%clk 00:38:18]}
{[%emt 00:00:21]} 37. Ne3 {[%clk 00:45:58]} {[%emt 00:00:09]} Rc1 {[%clk
00:37:47]} {[%emt 00:00:35]} 38. Kg3 {[%clk 00:45:47]} {[%emt 00:00:17]} b2
{[%clk 00:37:40]} {[%emt 00:00:12]} 39. Kf4 {[%clk 00:45:43]} {[%emt 00:00:09]}
b1=Q {[%emt 00:00:18]} 40. Kg4 {[%clk 00:45:16]} {[%emt 00:00:25]} h5+ {[%clk
00:37:04]} {[%emt 00:00:34]} 41. Kf4 {[%clk 00:45:14]} {[%emt 00:00:09]} e5+
{[%clk 00:36:27]} {[%emt 00:00:40]} 42. Kg5 {[%clk 00:45:11]} {[%emt 00:00:09]}
Kg7 {[%clk 00:35:50]} {[%emt 00:00:42]} 43. h4 {[%clk 00:45:05]} {[%emt
00:00:11]} f6# {[%emt 00:00:58]} 0-1

[Event "DVM U10 2023"]
[Site "Magdeburg GER"]
[Date "2023.12.28"]
[Round "4"]
[White "Rauschel, Marten"]
[Black "Tiuca, Emma"]
[Result "1/2-1/2"]
[Termination "normal"]
[Board "18.1"]
[WhiteElo "1039"]
[BlackElo "1148"]
[WhiteClock "00:24:51"]
[BlackClock "00:29:53"]
[WhiteTeam "SC Aurich"]
[BlackTeam "SG Trier 1877"]
[PlyCount "104"]
[WhiteFideId "34640010"]
[BlackFideId "4007549"]
[EventCountry "GER"]
[EventRounds "7"]
[EventType "team-swiss"]
[EventDate "2023.12.27"]

1. d4 {[%clk 00:55:06]} {[%emt 00:00:03]} e6 {[%clk 00:55:05]} {[%emt
00:00:06]} 2. c4 {[%clk 00:55:04]} {[%emt 00:00:07]} d5 {[%clk 00:55:04]}
{[%emt 00:00:05]} 3. Nc3 {[%clk 00:54:59]} {[%emt 00:00:10]} c6 {[%clk
00:55:03]} {[%emt 00:00:06]} 4. e3 {[%clk 00:54:55]} {[%emt 00:00:10]} f5
{[%clk 00:55:00]} {[%emt 00:00:07]} 5. f4 {[%clk 00:54:45]} {[%emt 00:00:15]}
Nf6 {[%clk 00:54:52]} {[%emt 00:00:12]} 6. a3 {[%clk 00:54:23]} {[%emt
00:00:28]} Nbd7 {[%clk 00:54:50]} {[%emt 00:00:08]} 7. Nf3 {[%clk 00:54:16]}
{[%emt 00:00:12]} Bd6 {[%clk 00:54:40]} {[%emt 00:00:15]} 8. c5 {[%clk
00:53:59]} {[%emt 00:00:22]} Be7 {[%clk 00:54:36]} {[%emt 00:00:07]} 9. Bd3
{[%clk 00:53:24]} {[%emt 00:00:41]} Ne4 {[%clk 00:54:29]} {[%emt 00:00:12]} 10.
Ne5 {[%clk 00:51:09]} {[%emt 00:02:21]} Ndf6 {[%clk 00:53:56]} {[%emt
00:00:38]} 11. Bd2 {[%clk 00:49:52]} {[%emt 00:01:19]} O-O {[%clk 00:53:47]}
{[%emt 00:00:16]} 12. b4 {[%emt 00:01:15]} Nd7 {[%clk 00:52:27]} {[%emt
00:00:51]} 13. O-O {[%clk 00:49:09]} {[%emt 00:00:13]} Nxe5 {[%clk 00:52:06]}
{[%emt 00:00:25]} 14. fxe5 {[%clk 00:49:02]} {[%emt 00:00:11]} Kh8 {[%clk
00:51:59]} {[%emt 00:00:13]} 15. a4 {[%clk 00:46:12]} {[%emt 00:02:55]} Rg8
{[%clk 00:51:14]} {[%emt 00:00:50]} 16. b5 {[%clk 00:41:26]} {[%emt 00:04:52]}
Rb8 {[%clk 00:50:37]} {[%emt 00:00:41]} 17. Rb1 {[%clk 00:41:10]} {[%emt
00:00:21]} Bd7 {[%clk 00:50:22]} {[%emt 00:00:19]} 18. b6 {[%clk 00:40:43]}
{[%emt 00:00:33]} a6 {[%clk 00:49:47]} {[%emt 00:00:41]} 19. a5 {[%clk
00:40:34]} {[%emt 00:00:14]} Bh4 {[%clk 00:49:34]} {[%emt 00:00:17]} 20. Bxe4
{[%clk 00:40:08]} {[%emt 00:00:32]} fxe4 {[%clk 00:49:14]} {[%emt 00:00:23]}
21. g3 {[%clk 00:37:05]} {[%emt 00:03:10]} Be7 {[%clk 00:48:18]} {[%emt
00:00:58]} 22. Bc1 {[%clk 00:35:35]} {[%emt 00:01:33]} Rf8 {[%clk 00:48:06]}
{[%emt 00:00:21]} 23. Ba3 {[%clk 00:35:21]} {[%emt 00:00:18]} Be8 {[%clk
00:47:25]} {[%emt 00:00:48]} 24. Rb2 {[%clk 00:34:19]} {[%emt 00:01:07]} Bg6
{[%clk 00:46:52]} {[%emt 00:00:34]} 25. Rff2 {[%clk 00:33:43]} {[%emt
00:00:45]} Qe8 {[%clk 00:46:04]} {[%emt 00:00:50]} 26. Qf1 {[%clk 00:33:20]}
{[%emt 00:00:30]} Bh5 {[%clk 00:45:28]} {[%emt 00:00:40]} 27. Qh3 {[%clk
00:32:33]} {[%emt 00:00:52]} Bf7 {[%clk 00:42:43]} {[%emt 00:02:48]} 28. Qg2
{[%clk 00:31:05]} {[%emt 00:01:33]} Bh5 {[%emt 00:00:33]} 29. g4 {[%emt
00:00:32]} Bg6 {[%clk 00:41:16]} {[%emt 00:00:30]} 30. Qg3 {[%clk 00:30:05]}
{[%emt 00:01:04]} Qd8 {[%clk 00:41:04]} {[%emt 00:00:17]} 31. h3 {[%clk
00:29:47]} {[%emt 00:00:21]} Kg8 {[%clk 00:40:34]} {[%emt 00:00:38]} 32. Rxf8+
{[%clk 00:29:29]} {[%emt 00:00:24]} Bxf8 {[%clk 00:40:22]} {[%emt 00:00:15]}
33. h4 {[%clk 00:29:11]} {[%emt 00:00:22]} Be7 {[%clk 00:40:01]} {[%emt
00:00:28]} 34. h5 {[%clk 00:29:10]} {[%emt 00:00:06]} Bf7 {[%clk 00:39:55]}
{[%emt 00:00:11]} 35. Rh2 {[%clk 00:28:51]} {[%emt 00:00:22]} Bg5 {[%clk
00:39:17]} {[%emt 00:00:42]} 36. Ne2 {[%emt 00:03:45]} Qe7 {[%clk 00:35:38]}
{[%emt 00:00:37]} 37. Nf4 {[%clk 00:28:09]} {[%emt 00:00:16]} Rf8 {[%clk
00:34:54]} {[%emt 00:00:48]} 38. Bb4 {[%clk 00:27:29]} {[%emt 00:00:46]} Be8
{[%clk 00:34:27]} {[%emt 00:00:26]} 39. Be1 {[%clk 00:27:27]} {[%emt 00:00:13]}
Qf7 {[%clk 00:34:02]} {[%emt 00:00:28]} 40. Kg2 {[%clk 00:26:34]} {[%emt
00:00:58]} Bxf4 {[%clk 00:33:48]} {[%emt 00:00:22]} 41. exf4 {[%clk 00:26:32]}
{[%emt 00:00:07]} Qxf4 {[%clk 00:33:42]} {[%emt 00:00:10]} 42. Qxf4 {[%clk
00:26:28]} {[%emt 00:00:09]} Rxf4 {[%clk 00:33:41]} {[%emt 00:00:07]} 43. Kg3
{[%clk 00:26:23]} {[%emt 00:00:08]} Rf3+ {[%clk 00:33:21]} {[%emt 00:00:26]}
44. Kg2 {[%clk 00:26:13]} {[%emt 00:00:13]} Rf4 {[%clk 00:33:03]} {[%emt
00:00:17]} 45. Bg3 {[%clk 00:26:04]} {[%emt 00:00:22]} Rxg4 {[%clk 00:32:14]}
{[%emt 00:00:55]} 46. h6 {[%clk 00:26:03]} {[%emt 00:00:07]} g6 {[%clk
00:31:21]} {[%emt 00:00:56]} 47. Kh3 {[%clk 00:25:19]} {[%emt 00:00:48]} Rg5
{[%clk 00:31:12]} {[%emt 00:00:11]} 48. Kh4 {[%clk 00:25:15]} {[%emt 00:00:13]}
Rh5+ {[%clk 00:31:01]} {[%emt 00:00:15]} 49. Kg4 {[%clk 00:25:15]} {[%emt
00:00:06]} Rxh2 {[%clk 00:30:50]} {[%emt 00:00:17]} 50. Bxh2 {[%clk 00:25:11]}
{[%emt 00:00:09]} Kf7 {[%clk 00:30:32]} {[%emt 00:00:16]} 51. Bg3 {[%clk
00:25:07]} {[%emt 00:00:15]} Bd7 {[%clk 00:30:13]} {[%emt 00:00:27]} 52. Kf4
{[%clk 00:24:51]} {[%emt 00:00:16]} Bc8 {[%clk 00:29:53]} {[%emt 00:00:27]}
1/2-1/2

[Event "DVM U10 2023"]
[Site "Magdeburg GER"]
[Date "2023.12.28"]
[Round "4"]
[White "Dres, Friedrich"]
[Black "Meyer, Lönne"]
[Result "1/2-1/2"]
[Termination "normal"]
[Board "18.2"]
[WhiteElo "1007"]
[BlackElo "1057"]
[WhiteClock "00:44:16"]
[BlackClock "00:09:20"]
[WhiteTeam "SG Trier 1877"]
[BlackTeam "SC Aurich"]
[PlyCount "99"]
[BlackFideId "34674241"]
[EventCountry "GER"]
[EventRounds "7"]
[EventType "team-swiss"]
[EventDate "2023.12.27"]

1. e4 {[%clk 00:55:09]} c5 {[%clk 00:55:04]} {[%emt 00:00:06]} 2. Nc3 {[%clk
00:55:06]} {[%emt 00:00:09]} Nc6 {[%clk 00:54:54]} {[%emt 00:00:14]} 3. Nf3
{[%clk 00:55:03]} {[%emt 00:00:08]} g6 {[%clk 00:53:59]} {[%emt 00:01:01]} 4.
Bc4 {[%clk 00:55:01]} {[%emt 00:00:07]} Bg7 {[%clk 00:53:40]} {[%emt 00:00:23]}
5. O-O {[%clk 00:54:52]} {[%emt 00:00:14]} d6 {[%clk 00:51:40]} {[%emt
00:02:05]} 6. d3 {[%clk 00:54:31]} {[%emt 00:00:27]} Nf6 {[%clk 00:50:43]}
{[%emt 00:01:01]} 7. h3 {[%clk 00:54:25]} {[%emt 00:00:11]} O-O {[%clk
00:49:35]} {[%emt 00:01:13]} 8. Bg5 {[%clk 00:54:15]} {[%emt 00:00:16]} Bd7
{[%clk 00:48:28]} {[%emt 00:01:12]} 9. Re1 {[%clk 00:53:42]} {[%emt 00:00:37]}
Re8 {[%clk 00:41:40]} {[%emt 00:06:52]} 10. Bxf6 {[%clk 00:53:15]} {[%emt
00:00:33]} Bxf6 {[%clk 00:41:07]} {[%emt 00:00:37]} 11. Nd5 {[%clk 00:53:10]}
{[%emt 00:00:11]} Bg7 {[%clk 00:40:26]} {[%emt 00:00:45]} 12. Ne3 {[%clk
00:52:42]} {[%emt 00:00:34]} Na5 {[%clk 00:39:13]} {[%emt 00:01:18]} 13. b3
{[%clk 00:52:34]} {[%emt 00:00:14]} e6 {[%clk 00:38:19]} {[%emt 00:00:57]} 14.
Rc1 {[%clk 00:52:20]} {[%emt 00:00:20]} b5 {[%clk 00:38:06]} {[%emt 00:00:18]}
15. Qd2 {[%clk 00:52:13]} {[%emt 00:00:12]} bxc4 {[%clk 00:37:57]} {[%emt
00:00:14]} 16. bxc4 {[%clk 00:51:56]} {[%emt 00:00:22]} Rb8 {[%clk 00:36:00]}
{[%emt 00:02:03]} 17. Rb1 {[%clk 00:51:23]} {[%emt 00:00:37]} Nc6 {[%clk
00:35:45]} {[%emt 00:00:19]} 18. Rxb8 {[%clk 00:51:13]} {[%emt 00:00:16]} Qxb8
{[%clk 00:35:41]} {[%emt 00:00:09]} 19. Nf1 {[%clk 00:50:53]} {[%emt 00:00:25]}
Qb4 {[%clk 00:35:17]} {[%emt 00:00:26]} 20. Qd1 {[%clk 00:50:36]} {[%emt
00:00:24]} Bc3 {[%clk 00:34:36]} {[%emt 00:00:48]} 21. N1d2 {[%clk 00:50:30]}
{[%emt 00:00:10]} Bxd2 {[%clk 00:31:31]} {[%emt 00:03:10]} 22. Nxd2 {[%clk
00:50:25]} {[%emt 00:00:10]} Qc3 {[%emt 00:00:44]} 23. Nb1 {[%clk 00:50:09]}
Qb2 {[%clk 00:30:49]} {[%emt 00:00:28]} 24. a3 {[%clk 00:49:42]} {[%emt
00:00:33]} Nd4 {[%clk 00:30:36]} {[%emt 00:00:17]} 25. c3 {[%clk 00:49:30]}
{[%emt 00:00:17]} Nc6 {[%clk 00:29:18]} {[%emt 00:01:21]} 26. Re2 {[%clk
00:49:14]} {[%emt 00:00:23]} Qa1 {[%clk 00:28:47]} {[%emt 00:00:37]} 27. Qb3
{[%clk 00:48:42]} {[%emt 00:00:36]} Rb8 {[%clk 00:28:31]} {[%emt 00:00:21]} 28.
Ra2 {[%clk 00:48:27]} {[%emt 00:00:20]} Rxb3 {[%clk 00:28:22]} {[%emt
00:00:14]} 29. Rxa1 {[%clk 00:48:19]} {[%emt 00:00:13]} Ne7 {[%clk 00:27:27]}
{[%emt 00:00:59]} 30. d4 {[%clk 00:48:15]} {[%emt 00:00:09]} cxd4 {[%clk
00:27:08]} {[%emt 00:00:25]} 31. cxd4 {[%clk 00:48:11]} {[%emt 00:00:09]} Rd3
{[%clk 00:27:00]} {[%emt 00:00:12]} 32. Kf1 {[%clk 00:47:55]} {[%emt 00:00:22]}
Rxd4 {[%clk 00:26:49]} {[%emt 00:00:16]} 33. f3 {[%clk 00:47:49]} {[%emt
00:00:11]} Rxc4 {[%clk 00:26:35]} {[%emt 00:00:18]} 34. Nd2 {[%clk 00:47:49]}
{[%emt 00:00:06]} Rc7 {[%clk 00:25:34]} {[%emt 00:01:04]} 35. Rb1 {[%clk
00:47:47]} {[%emt 00:00:10]} a6 {[%clk 00:25:11]} {[%emt 00:00:27]} 36. Rb6
{[%clk 00:47:33]} {[%emt 00:00:18]} Bb5+ {[%clk 00:24:47]} {[%emt 00:00:30]}
37. Kf2 {[%clk 00:47:19]} {[%emt 00:00:19]} Nc8 {[%clk 00:23:26]} {[%emt
00:01:26]} 38. Rb8 {[%clk 00:46:59]} {[%emt 00:00:26]} Rc2 {[%clk 00:23:02]}
{[%emt 00:00:28]} 39. Ke1 {[%clk 00:46:43]} {[%emt 00:00:21]} Kg7 {[%clk
00:22:30]} {[%emt 00:00:37]} 40. Kd1 {[%clk 00:46:36]} {[%emt 00:00:13]} Rc6
{[%clk 00:21:40]} {[%emt 00:00:52]} 41. g4 {[%clk 00:46:02]} {[%emt 00:00:41]}
Ba4+ {[%clk 00:19:38]} {[%emt 00:02:07]} 42. Ke2 {[%clk 00:45:55]} {[%emt
00:00:12]} Rc2 {[%clk 00:18:42]} {[%emt 00:01:01]} 43. h4 {[%clk 00:45:43]}
{[%emt 00:00:17]} Bb5+ {[%clk 00:17:11]} {[%emt 00:01:36]} 44. Kd1 {[%clk
00:45:36]} {[%emt 00:00:12]} Ba4 {[%clk 00:16:59]} {[%emt 00:00:17]} 45. Ke2
{[%clk 00:45:29]} {[%emt 00:00:13]} Ne7 {[%clk 00:14:54]} {[%emt 00:02:10]} 46.
Rb7 {[%clk 00:45:16]} {[%emt 00:00:18]} Nc6 {[%clk 00:14:20]} {[%emt 00:00:38]}
47. Rb6 {[%clk 00:44:44]} {[%emt 00:00:37]} Bb5+ {[%clk 00:13:35]} {[%emt
00:00:51]} 48. Kd1 {[%clk 00:44:40]} {[%emt 00:00:09]} Ba4 {[%clk 00:10:35]}
{[%emt 00:03:05]} 49. Ke2 {[%clk 00:44:27]} {[%emt 00:00:17]} Rc3 {[%clk
00:09:20]} {[%emt 00:01:19]} 50. Rxa6 {[%clk 00:44:16]} {[%emt 00:00:17]}
1/2-1/2

[Event "DVM U10 2023"]
[Site "Magdeburg GER"]
[Date "2023.12.28"]
[Round "4"]
[White "Wilting, Oskar"]
[Black "Classen, Meara"]
[Result "1/2-1/2"]
[Termination "normal"]
[Board "18.3"]
[WhiteElo "1161"]
[BlackElo "1118"]
[WhiteClock "00:16:18"]
[BlackClock "00:28:28"]
[WhiteTeam "SC Aurich"]
[BlackTeam "SG Trier 1877"]
[PlyCount "44"]
[WhiteFideId "34640053"]
[BlackFideId "34626956"]
[EventCountry "GER"]
[EventRounds "7"]
[EventType "team-swiss"]
[EventDate "2023.12.27"]

1. d4 {[%clk 00:55:07]} {[%emt 00:00:02]} d5 {[%clk 00:55:02]} {[%emt
00:00:09]} 2. Nc3 {[%clk 00:55:05]} {[%emt 00:00:06]} c6 {[%clk 00:54:59]}
{[%emt 00:00:08]} 3. Bf4 {[%clk 00:54:55]} {[%emt 00:00:14]} e6 {[%clk
00:54:54]} {[%emt 00:00:11]} 4. f3 {[%clk 00:54:37]} {[%emt 00:00:22]} f5
{[%clk 00:54:19]} {[%emt 00:00:41]} 5. Qd2 {[%clk 00:53:35]} {[%emt 00:01:08]}
Nf6 {[%clk 00:53:55]} {[%emt 00:00:27]} 6. e3 {[%clk 00:52:29]} {[%emt
00:01:12]} Bd6 {[%clk 00:53:25]} {[%emt 00:00:35]} 7. Be5 {[%clk 00:51:24]}
{[%emt 00:01:10]} Be7 {[%clk 00:52:37]} {[%emt 00:00:53]} 8. Bd3 {[%clk
00:50:27]} {[%emt 00:01:02]} O-O {[%clk 00:51:25]} {[%emt 00:01:17]} 9. Nge2
{[%clk 00:49:15]} {[%emt 00:01:17]} Nbd7 {[%clk 00:50:29]} {[%emt 00:00:59]}
10. Bf4 {[%clk 00:48:36]} {[%emt 00:00:44]} b6 {[%clk 00:49:23]} {[%emt
00:01:12]} 11. h3 {[%clk 00:47:51]} {[%emt 00:00:51]} Bb7 {[%clk 00:48:36]}
{[%emt 00:00:52]} 12. O-O {[%clk 00:47:14]} {[%emt 00:00:42]} Rc8 {[%clk
00:46:54]} {[%emt 00:01:46]} 13. e4 {[%clk 00:42:34]} {[%emt 00:04:47]} Bb4
{[%clk 00:43:08]} {[%emt 00:03:47]} 14. e5 {[%clk 00:41:11]} {[%emt 00:01:31]}
Ne8 {[%clk 00:41:01]} {[%emt 00:02:06]} 15. a3 {[%clk 00:38:36]} {[%emt
00:02:46]} Be7 {[%clk 00:39:20]} {[%emt 00:01:33]} 16. b4 {[%clk 00:37:04]}
{[%emt 00:01:50]} c5 {[%clk 00:36:45]} {[%emt 00:02:40]} 17. bxc5 {[%clk
00:30:46]} {[%emt 00:06:23]} bxc5 {[%clk 00:36:30]} {[%emt 00:00:19]} 18. Rab1
{[%clk 00:29:15]} {[%emt 00:01:36]} Nb6 {[%clk 00:34:38]} {[%emt 00:01:57]} 19.
a4 {[%clk 00:19:17]} {[%emt 00:10:04]} c4 {[%clk 00:32:18]} {[%emt 00:02:23]}
20. Bxf5 {[%clk 00:17:18]} {[%emt 00:02:06]} exf5 {[%clk 00:32:06]} {[%emt
00:00:16]} 21. a5 {[%clk 00:16:58]} {[%emt 00:00:26]} Rc6 {[%clk 00:28:59]}
{[%emt 00:03:10]} 22. axb6 {[%clk 00:16:18]} {[%emt 00:00:47]} Rxb6 {[%clk
00:28:28]} {[%emt 00:00:36]} 1/2-1/2